| 000 | 00662nam a2200241Ia 4500 | ||
|---|---|---|---|
| 003 | OSt | ||
| 005 | 20220926000501.0 | ||
| 006 | a|||||r|||| 00| 0 | ||
| 007 | ta | ||
| 008 | 220923b |||||||| |||| 00| 0 eng d | ||
| 037 | _cGeneral Book | ||
| 040 |
_aRTL _cRTL _beng |
||
| 041 |
_2eng _aeng |
||
| 082 | _aX62:Z2, J8;N6/TD3 | ||
| 100 |
_aTannan M L _9151702 |
||
| 245 | 0 |
_aBanking _b Law and practice in India |
|
| 250 | _a18h | ||
| 260 |
_a New Delhi _bIndia Law House India _c1996 |
||
| 300 |
_axxxv,831p. _ccm. |
||
| 650 |
_aBanks _9233379 |
||
| 942 |
_hX62:Z2, J8;N6/TD3 _cGB _2CC |
||
| 999 |
_c599137 _d599137 |
||